[Event "DEM U12 2012"]
[Site "Oberhof GER"]
[Date "2012.06.01"]
[Round "10"]
[White "Bergauz, Noam"]
[Black "Muckle, Julius"]
[Result "1-0"]
[Termination "normal"]
[Board "8"]
[WhiteElo "1865"]
[BlackElo "1541"]
[PlyCount "159"]
[WhiteFideId "12938033"]
[BlackFideId "12942430"]
[EventCountry "GER"]
[EventRounds "11"]
[EventType "swiss"]
[EventDate "2012.05.26"]

1. e4 e6 2. d4 d5 3. Nd2 Nc6 4. Ngf3 Nf6 5. e5 Nd7 6. Be2 f6 7. exf6 Qxf6 8. c3
e5 9. dxe5 Ndxe5 10. O-O Bd6 11. Nb3 Be6 12. Nxe5 Nxe5 13. f4 Ng6 14. Nd4 Ne7
15. Re1 Bc5 16. Be3 O-O 17. Bf3 Bf7 18. Qd2 c6 19. g3 Rae8 20. Bg4 Nc8 21. b4
Bb6 22. Bxc8 Rxc8 23. a4 c5 24. Nf3 d4 25. cxd4 cxd4 26. Bf2 a6 27. a5 Ba7 28.
Rad1 Bh5 29. Qa2+ Qf7 30. Qxf7+ Rxf7 31. Rd3 Bxf3 32. Rxf3 Rfc7 33. Rd3 Kf7 34.
Kg2 Rc4 35. Rb1 Ke6 36. b5 R8c5 37. b6 Bb8 38. Bxd4 Rxa5 39. Bxg7 Rc2+ 40. Kf3
Rxh2 41. Re1+ Kf5 42. Re8 Bxf4 43. Rf8+ Kg6 44. Bc3 Rb5 45. Rf6+ Kh5 46. Kxf4
Rf2+ 47. Rf3 Rxf3+ 48. Kxf3 Rb3 49. Rf5+ Kg6 50. Rc5 Rxb6 51. Kg4 h6 52. Rc7
h5+ 53. Kh4 Rb1 54. Kh3 Rb5 55. Rd7 Rb6 56. Rd8 Rc6 57. Bd2 Rb6 58. Bf4 Rb5 59.
Rd6+ Kf7 60. Kh4 a5 61. Rh6 Kg8 62. Rxh5 Rxh5+ 63. Kxh5 b5 64. Bc7 a4 65. Bd6
Kf7 66. g4 Ke6 67. Ba3 Kd5 68. g5 Kc4 69. g6 b4 70. Bxb4 Kxb4 71. g7 a3 72.
g8=Q Kc3 73. Qa2 Kb4 74. Kg4 Ka4 75. Kf4 Kb4 76. Ke4 Ka4 77. Kd5 Kb4 78. Kd4
Ka4 79. Kc5 Ka5 80. Qxa3# 1-0

[Event "DEM U12 2012"]
[Site "Oberhof GER"]
[Date "2012.06.01"]
[Round "10"]
[White "Baberz, Alexander"]
[Black "Urban, Konstantin"]
[Result "0-1"]
[Termination "normal"]
[Board "9"]
[WhiteElo "1815"]
[BlackElo "1766"]
[PlyCount "86"]
[WhiteFideId "12921734"]
[BlackFideId "12927511"]
[EventCountry "GER"]
[EventRounds "11"]
[EventType "swiss"]
[EventDate "2012.05.26"]

1. d4 Nf6 2. Nf3 g6 3. c4 Bg7 4. Nc3 O-O 5. e4 d6 6. Be2 e5 7. d5 a5 8. O-O
Nbd7 9. Be3 b6 10. b3 Nc5 11. Qc2 Ne8 12. Nd2 f5 13. f3 f4 14. Bf2 g5 15. a3 h5
16. b4 Nd7 17. Nb3 Ndf6 18. c5 bxc5 19. bxc5 Rf7 20. cxd6 cxd6 21. Na4 Rc7 22.
Qd2 Rb7 23. Rab1 Rab8 24. Qc2 Bd7 25. Nc3 Nh7 26. Nd2 Rxb1 27. Rxb1 Rxb1+ 28.
Qxb1 g4 29. Qe1 Bf6 30. Qd1 Bh4 31. Qe1 Bxf2+ 32. Qxf2 Qg5 33. fxg4 hxg4 34.
Bb5 Bxb5 35. Nxb5 Qd8 36. Nc4 Qc8 37. Nd2 Qc1+ 38. Nf1 Nhf6 39. Qe2 Qc5+ 40.
Kh1 f3 41. gxf3 gxf3 42. Qe3 Qxb5 43. Qg5+ Kf7 0-1

[Event "DEM U12 2012"]
[Site "Oberhof GER"]
[Date "2012.06.01"]
[Round "10"]
[White "Sieber, Fiona"]
[Black "Reuker, Jari"]
[Result "1/2-1/2"]
[Termination "normal"]
[Board "10"]
[WhiteElo "1771"]
[BlackElo "1771"]
[PlyCount "59"]
[WhiteFideId "12902373"]
[BlackFideId "12909300"]
[EventCountry "GER"]
[EventRounds "11"]
[EventType "swiss"]
[EventDate "2012.05.26"]

1. e4 c5 2. Nf3 e6 3. d4 cxd4 4. Nxd4 Nc6 5. Nxc6 bxc6 6. Bd3 Qc7 7. O-O Nf6 8.
c4 Bb7 9. Qe2 d5 10. e5 Nd7 11. Bf4 Be7 12. Nd2 O-O 13. Rae1 Rab8 14. Qg4 g6
15. Nf3 Nc5 16. Bb1 Ba6 17. Re3 Bxc4 18. Rc1 Rxb2 19. Nh4 Bxh4 20. Qxh4 Rfb8
21. Rh3 h5 22. Bc2 Qa5 23. Bxg6 fxg6 24. Rg3 Bd3 25. Qxh5 R2b7 26. Bh6 Rh7 27.
Rxg6+ Bxg6 28. Qxg6+ Kh8 29. Qf6+ Kg8 30. Qg6+ 1/2-1/2

[Event "DEM U12 2012"]
[Site "Oberhof GER"]
[Date "2012.06.01"]
[Round "10"]
[White "Poghosyan, Tigran"]
[Black "Nguyen, Huy Dat"]
[Result "1-0"]
[Termination "normal"]
[Board "11"]
[WhiteElo "1860"]
[BlackElo "1764"]
[PlyCount "119"]
[WhiteFideId "12909319"]
[BlackFideId "12923486"]
[EventCountry "GER"]
[EventRounds "11"]
[EventType "swiss"]
[EventDate "2012.05.26"]

1. e4 c5 2. Nf3 Nc6 3. d4 cxd4 4. Nxd4 g6 5. Nc3 Bg7 6. Be3 Nf6 7. Bc4 Qa5 8.
O-O O-O 9. Bb3 d6 10. h3 Bd7 11. Qe2 Rac8 12. Rad1 Nxd4 13. Bxd4 Bc6 14. Nd5
Bxd5 15. exd5 Rfe8 16. Rfe1 a6 17. Qf3 Nd7 18. Bxg7 Kxg7 19. Re4 Nc5 20. Rf4
Rf8 21. Rh4 f6 22. Qe3 Rf7 23. c3 Nxb3 24. axb3 Qd8 25. Qe6 Qe8 26. Re1 Rd8 27.
Ra1 f5 28. Re1 Rd7 29. Kh2 Rf6 30. Rxh7+ Kxh7 31. Qxf6 exf6 32. Rxe8 Kg7 33.
Kg3 Kf7 34. Re6 Kg7 35. Kf4 Kf7 36. h4 Kg7 37. h5 Kf7 38. hxg6+ Kxg6 39. g3 a5
40. Re8 Kf7 41. Ra8 b6 42. Kxf5 Re7 43. f4 Rb7 44. Rd8 Ke7 45. Rh8 Rd7 46. Rh7+
Kd8 47. Rxd7+ Kxd7 48. Kxf6 b5 49. g4 b4 50. cxb4 axb4 51. g5 Ke8 52. g6 Kf8
53. Ke6 Kg7 54. f5 Kg8 55. f6 Kf8 56. f7 Kg7 57. Ke7 Kh6 58. f8=Q+ Kxg6 59. Ke6
Kh7 60. Qf1 1-0

[Event "DEM U12 2012"]
[Site "Oberhof GER"]
[Date "2012.06.01"]
[Round "10"]
[White "Kololli, Kevin"]
[Black "Piskaykin, Bogdan"]
[Result "1-0"]
[Termination "normal"]
[Board "12"]
[WhiteElo "1767"]
[BlackElo "1560"]
[PlyCount "83"]
[WhiteFideId "12936863"]
[BlackFideId "12941212"]
[EventCountry "GER"]
[EventRounds "11"]
[EventType "swiss"]
[EventDate "2012.05.26"]

1. e4 c5 2. Nf3 d6 3. d4 cxd4 4. Nxd4 Nf6 5. Nc3 a6 6. Bg5 Nbd7 7. f4 b5 8. Qf3
Qc7 9. O-O-O Bb7 10. g4 b4 11. Nd5 Qa5 12. Nb3 Qd8 13. Bxf6 gxf6 14. Nxb4 a5
15. Nd5 e6 16. Nc3 a4 17. Nd4 Nc5 18. Bb5+ Ke7 19. f5 Bh6+ 20. Kb1 e5 21. Nc6+
Bxc6 22. Bxc6 Ra6 23. Bb5 Ra8 24. h4 Rb8 25. g5 fxg5 26. Nd5+ Kf8 27. Qh5 Rxb5
28. Qxh6+ Ke8 29. Qg7 Kd7 30. Qxf7+ Kc8 31. Ne7+ Kb7 32. Ng6+ Ka6 33. Nxh8 Qb6
34. Qc4 Ka7 35. hxg5 Rxb2+ 36. Ka1 Rb4 37. Rxh7+ Nb7 38. Rxb7+ Qxb7 39. Qf7 a3
40. g6 Qxf7 41. gxf7 Rxe4 42. f8=Q 1-0

[Event "DEM U12 2012"]
[Site "Oberhof GER"]
[Date "2012.06.01"]
[Round "10"]
[White "Rogozenco, Teodora"]
[Black "Balazs, Balint"]
[Result "0-1"]
[Termination "normal"]
[Board "13"]
[WhiteElo "1651"]
[BlackElo "1758"]
[PlyCount "64"]
[WhiteFideId "12938084"]
[BlackFideId "12922757"]
[EventCountry "GER"]
[EventRounds "11"]
[EventType "swiss"]
[EventDate "2012.05.26"]

1. d4 Nf6 2. Nf3 c5 3. d5 e6 4. c4 exd5 5. cxd5 d6 6. Nc3 g6 7. e4 Bg4 8. h3
Bxf3 9. Qxf3 Bg7 10. Bf4 O-O 11. Bd3 Qe7 12. O-O Nbd7 13. Qe2 Nh5 14. Bh2 Bh6
15. f4 f6 16. Rae1 a6 17. a4 b6 18. Bxa6 Rf7 19. Bc4 Kh8 20. b3 Raf8 21. Nb5
Rd8 22. Qb2 Ng7 23. e5 fxe5 24. fxe5 Rxf1+ 25. Bxf1 Qh4 26. Qe2 dxe5 27. Nd6
Rf8 28. Bxe5 Nxe5 29. Qxe5 Qf2+ 30. Kh1 Qxf1+ 31. Rxf1 Rxf1+ 32. Kh2 Bf4+ 0-1

[Event "DEM U12 2012"]
[Site "Oberhof GER"]
[Date "2012.06.01"]
[Round "10"]
[White "Moses, Selina"]
[Black "Nothnagel, Marian Can"]
[Result "1-0"]
[Termination "normal"]
[Board "14"]
[WhiteElo "1677"]
[BlackElo "1723"]
[PlyCount "48"]
[WhiteFideId "12908070"]
[BlackFideId "12921530"]
[EventCountry "GER"]
[EventRounds "11"]
[EventType "swiss"]
[EventDate "2012.05.26"]

1. e4 e5 2. Nf3 Nc6 3. Bc4 Bc5 4. c3 Nf6 5. d3 d6 6. Nbd2 a6 7. b4 Ba7 8. Nf1
O-O 9. Ng3 Be6 10. Bb3 Qd7 11. Bc2 a5 12. b5 Ne7 13. a4 Ng6 14. h3 Rad8 15. Bg5
h6 16. Bxf6 gxf6 17. Nh5 Qe7 18. Nh2 f5 19. exf5 Bxf5 20. Ng4 Qg5 21. Ngf6+ Kh8
22. g3 Be6 23. h4 Qf5 24. d4 Bb3 1-0

[Event "DEM U12 2012"]
[Site "Oberhof GER"]
[Date "2012.06.01"]
[Round "10"]
[White "Rätzke von Stoyentin, Steffen"]
[Black "Savchenko, Daniel"]
[Result "1-0"]
[Termination "normal"]
[Board "15"]
[WhiteElo "1741"]
[BlackElo "1628"]
[PlyCount "39"]
[WhiteFideId "12907502"]
[BlackFideId "12919195"]
[EventCountry "GER"]
[EventRounds "11"]
[EventType "swiss"]
[EventDate "2012.05.26"]

1. d4 d5 2. Bg5 f6 3. Bh4 Bf5 4. e3 a6 5. c4 e6 6. Nc3 dxc4 7. Bxc4 Bb4 8. Qb3
Qd6 9. Bg3 Qb6 10. Nge2 c5 11. O-O Nd7 12. d5 e5 13. d6 Nh6 14. Nd5 Qxd6 15.
Rfd1 Qc6 16. Nxb4 cxb4 17. Qxb4 Nf7 18. Rac1 Qb6 19. Bxf7+ Kxf7 20. Rxd7+ 1-0

[Event "DEM U12 2012"]
[Site "Oberhof GER"]
[Date "2012.06.01"]
[Round "10"]
[White "Kreyssig, Bruno"]
[Black "Greßmann, Moritz"]
[Result "1-0"]
[Termination "normal"]
[Board "16"]
[WhiteElo "1741"]
[BlackElo "1821"]
[PlyCount "43"]
[WhiteFideId "4692489"]
[BlackFideId "24695084"]
[EventCountry "GER"]
[EventRounds "11"]
[EventType "swiss"]
[EventDate "2012.05.26"]

1. e4 d6 2. d4 Nf6 3. Nc3 g6 4. Be3 c6 5. f3 b5 6. Qd2 Nbd7 7. g4 Nb6 8. O-O-O
a5 9. e5 Nfd5 10. exd6 Qxd6 11. Re1 h5 12. Ne4 Qb8 13. g5 Bg7 14. Nf6+ Nxf6 15.
gxf6 Bxf6 16. Bg5 O-O 17. Bxf6 exf6 18. Bd3 Nd5 19. Ne2 Nb4 20. Rhg1 Nxd3+ 21.
Qxd3 Bf5 22. Qxf5 1-0

[Event "DEM U12 2012"]
[Site "Oberhof GER"]
[Date "2012.06.01"]
[Round "10"]
[White "Buckels, Valentin"]
[Black "Kuhn, Magnus"]
[Result "1-0"]
[Termination "normal"]
[Board "17"]
[WhiteElo "1805"]
[BlackElo "1658"]
[PlyCount "71"]
[WhiteFideId "12942766"]
[BlackFideId "12926345"]
[EventCountry "GER"]
[EventRounds "11"]
[EventType "swiss"]
[EventDate "2012.05.26"]

1. d4 d5 2. c4 c6 3. Nf3 Nf6 4. e3 Bg4 5. Qb3 Qb6 6. Nc3 e6 7. Nh4 Nbd7 8. h3
Bh5 9. g4 Bg6 10. Nxg6 hxg6 11. Bg2 Bd6 12. Bd2 O-O 13. f4 Rab8 14. g5 Nh5 15.
c5 Qxb3 16. axb3 Bc7 17. Rxa7 Ng3 18. Rg1 Nf5 19. Kf2 Rfc8 20. Rga1 b6 21. Bf1
bxc5 22. Ba6 cxd4 23. Bxc8 Rxc8 24. exd4 Nxd4 25. Ra8 Rb8 26. R1a7 Nf8 27. Be3
Nf5 28. Rxb8 Bxb8 29. Ra8 Bd6 30. Ne2 Nxe3 31. Kxe3 Bc5+ 32. Kf3 Bb4 33. Nd4
Bd6 34. Nxc6 Kh7 35. b4 f6 36. Rd8 1-0

[Event "DEM U12 2012"]
[Site "Oberhof GER"]
[Date "2012.06.01"]
[Round "10"]
[White "Spitzl, Vinzent"]
[Black "Kololli, Martin"]
[Result "1-0"]
[Termination "normal"]
[Board "18"]
[WhiteElo "1725"]
[BlackElo "1739"]
[PlyCount "51"]
[WhiteFideId "12901253"]
[BlackFideId "12936910"]
[EventCountry "GER"]
[EventRounds "11"]
[EventType "swiss"]
[EventDate "2012.05.26"]

1. e4 e5 2. Nf3 Nc6 3. Bb5 a6 4. Ba4 Nf6 5. O-O Be7 6. Re1 d6 7. c3 b5 8. Bc2
O-O 9. h3 Nb8 10. d4 Nbd7 11. Be3 Bb7 12. d5 Re8 13. Nbd2 Bf8 14. a4 g6 15.
axb5 axb5 16. Qe2 c6 17. dxc6 Bxc6 18. Bd3 Qc7 19. Bg5 Qb7 20. Nb3 Qb6 21. Be3
Qc7 22. Nfd2 Rxa1 23. Rxa1 Rb8 24. Ra7 Qc8 25. Na5 b4 26. Ba6 1-0

[Event "DEM U12 2012"]
[Site "Oberhof GER"]
[Date "2012.06.01"]
[Round "10"]
[White "Denkert, Anna"]
[Black "Krüger, David"]
[Result "0-1"]
[Termination "normal"]
[Board "19"]
[WhiteElo "1519"]
[BlackElo "1762"]
[PlyCount "112"]
[WhiteFideId "12938122"]
[BlackFideId "12921858"]
[EventCountry "GER"]
[EventRounds "11"]
[EventType "swiss"]
[EventDate "2012.05.26"]

1. e4 e5 2. Nf3 Nc6 3. Bc4 Nf6 4. d3 Bc5 5. c3 a6 6. Bb3 Ba7 7. Nbd2 d6 8. Qe2
O-O 9. Nf1 d5 10. Ng3 dxe4 11. dxe4 Qe7 12. O-O h6 13. h3 Ne8 14. Be3 Nd6 15.
Bxa7 Nxa7 16. Rad1 Nc6 17. Bd5 Kh7 18. Nh5 g6 19. Ng3 Bd7 20. Kh1 Rae8 21. Rde1
Nd8 22. Qe3 Qf6 23. Bb3 Ne6 24. Bxe6 Bxe6 25. b3 Re7 26. Qc5 Bxh3 27. Kh2 Bg4
28. Qe3 Rh8 29. Rh1 Kg7 30. Kg1 Rd7 31. Nh2 Be6 32. c4 Rhd8 33. Nf3 Qf4 34.
Qxf4 exf4 35. Ne2 Nxe4 36. Nxf4 Bf5 37. Nh3 Rd1 38. Kh2 Rxe1 39. Rxe1 Nd2 40.
Nf4 Nxf3+ 41. gxf3 Rd2 42. Re7 Rd7 43. Rxd7 Bxd7 44. Kg3 Bf5 45. b4 c6 46. c5
Kf6 47. Ng2 Ke5 48. Ne3 Be6 49. a3 f5 50. Nc2 Bd5 51. Ne1 g5 52. Nc2 Bb3 53.
Ne3 f4+ 54. Kg4 fxe3 55. fxe3 Bf7 56. e4 Bg6 0-1

[Event "DEM U12 2012"]
[Site "Oberhof GER"]
[Date "2012.06.01"]
[Round "10"]
[White "Schnabel, Bennett"]
[Black "Schirra, Maurice"]
[Result "1-0"]
[Termination "normal"]
[Board "20"]
[WhiteElo "1693"]
[BlackElo "1617"]
[PlyCount "75"]
[WhiteFideId "12943290"]
[BlackFideId "12941115"]
[EventCountry "GER"]
[EventRounds "11"]
[EventType "swiss"]
[EventDate "2012.05.26"]

1. e4 e5 2. Nf3 Nf6 3. Nxe5 d6 4. Nf3 Nxe4 5. Nc3 Nf6 6. d4 d5 7. Bf4 Bb4 8.
Bd3 Bg4 9. Qe2+ Qe7 10. Qxe7+ Kxe7 11. Ne5 c6 12. Nxg4 Nxg4 13. O-O Re8 14.
Rfe1+ Kf8 15. a3 Be7 16. Bxh7 Nd7 17. Bd3 Ngf6 18. h3 Nh5 19. Bh2 g6 20. Ne2 a6
21. c3 b5 22. Nf4 Nxf4 23. Bxf4 Nb6 24. Re2 a5 25. Rae1 g5 26. Rxe7 gxf4 27.
Rxe8+ Rxe8 28. Rxe8+ Kxe8 29. b3 a4 30. b4 Ke7 31. Kf1 f5 32. Ke2 Kf6 33. h4
Kg6 34. Kf3 Kg7 35. Kxf4 Kf6 36. h5 Nd7 37. Bxf5 Nf8 38. g4 1-0

[Event "DEM U12 2012"]
[Site "Oberhof GER"]
[Date "2012.06.01"]
[Round "10"]
[White "Gauchel, Lorenz"]
[Black "Hesse, Henrik"]
[Result "1-0"]
[Termination "normal"]
[Board "21"]
[WhiteElo "1620"]
[BlackElo "1489"]
[PlyCount "61"]
[WhiteFideId "12905283"]
[BlackFideId "12952060"]
[EventCountry "GER"]
[EventRounds "11"]
[EventType "swiss"]
[EventDate "2012.05.26"]

1. d4 Nf6 2. Nf3 g6 3. c4 Bg7 4. Nc3 O-O 5. Bg5 d6 6. e3 c5 7. Be2 Qb6 8. Qb3
Qxb3 9. axb3 Bf5 10. O-O Nc6 11. Na4 b6 12. Ra3 Nb4 13. Nc3 h6 14. Bh4 g5 15.
Bg3 Nd7 16. dxc5 Nxc5 17. Nd2 a5 18. Rd1 Rad8 19. Bf3 g4 20. Be2 d5 21. Bc7 Rd7
22. Bxb6 dxc4 23. Nxc4 Rxd1+ 24. Bxd1 Ncd3 25. Rxa5 Nxb2 26. Nxb2 Bxc3 27. Na4
Nc6 28. Rxf5 Bb4 29. Bxg4 e6 30. Rb5 Rc8 31. g3 1-0

[Event "DEM U12 2012"]
[Site "Oberhof GER"]
[Date "2012.06.01"]
[Round "10"]
[White "Sanati, Charlotte"]
[Black "Hartmann, Martin"]
[Result "1/2-1/2"]
[Termination "normal"]
[Board "22"]
[WhiteElo "1644"]
[BlackElo "1728"]
[PlyCount "72"]
[WhiteFideId "12907707"]
[BlackFideId "12911925"]
[EventCountry "GER"]
[EventRounds "11"]
[EventType "swiss"]
[EventDate "2012.05.26"]

1. e4 d5 2. exd5 Qxd5 3. Nc3 Qa5 4. d4 Nf6 5. Nf3 c6 6. Bc4 Bf5 7. Bd2 e6 8.
Nd5 Qd8 9. Nxf6+ gxf6 10. c3 Nd7 11. Nh4 Bg6 12. Qf3 Qc7 13. Qh3 Bg7 14. O-O-O
O-O-O 15. f4 f5 16. Nf3 Nb6 17. Bb3 Nd5 18. Qg3 Bh6 19. Ng5 Rhe8 20. Rde1 Rd7
21. h4 Bxg5 22. hxg5 Red8 23. Bxd5 cxd5 24. Kb1 Rd6 25. Re5 Rc6 26. Qd3 Kb8 27.
Rc1 Rc8 28. Rc2 Qb6 29. Re1 Rc4 30. Be3 a5 31. Kc1 a4 32. a3 Qb3 33. Kd2 R8c6
34. Ke2 Rb6 35. Kf2 Rb5 36. Ree2 Rb6 1/2-1/2

[Event "DEM U12 2012"]
[Site "Oberhof GER"]
[Date "2012.06.01"]
[Round "10"]
[White "Köhler, Inken"]
[Black "Laubrock, Paul"]
[Result "0-1"]
[Termination "normal"]
[Board "23"]
[WhiteElo "1459"]
[BlackElo "1648"]
[PlyCount "66"]
[WhiteFideId "12929301"]
[BlackFideId "1270509"]
[EventCountry "GER"]
[EventRounds "11"]
[EventType "swiss"]
[EventDate "2012.05.26"]

1. e4 e6 2. d4 d5 3. exd5 exd5 4. Bf4 Bd6 5. Bxd6 Qxd6 6. Bd3 Ne7 7. Nc3 c6 8.
Nge2 Bf5 9. O-O Nd7 10. Re1 O-O 11. Ng3 Bxd3 12. Qxd3 Rfe8 13. Re3 Ng6 14. Rae1
Rxe3 15. Qxe3 Nf6 16. Qd3 Qd7 17. Nce2 Re8 18. Qc3 Qe7 19. Nf5 Qe6 20. Ne3 Ne4
21. Qb3 Nd6 22. h3 Nh4 23. Nf4 Qe4 24. Ne2 Ndf5 25. Ng3 Nxg3 26. fxg3 Nf5 27.
Kf2 Qxd4 28. g4 Qf4+ 29. Kg1 Rxe3 30. Rxe3 Nxe3 31. Qd3 Qe4 32. Qxe4 dxe4 33.
c3 Nd1 0-1

[Event "DEM U12 2012"]
[Site "Oberhof GER"]
[Date "2012.06.01"]
[Round "10"]
[White "Herbrig, Alexander"]
[Black "Wiesner, Alexander"]
[Result "1-0"]
[Termination "normal"]
[Board "24"]
[WhiteElo "1662"]
[BlackElo "1474"]
[PlyCount "55"]
[WhiteFideId "12952044"]
[BlackFideId "12943991"]
[EventCountry "GER"]
[EventRounds "11"]
[EventType "swiss"]
[EventDate "2012.05.26"]

1. e4 c5 2. Nf3 Nc6 3. d4 cxd4 4. Nxd4 Nf6 5. Nc3 e5 6. Ndb5 d6 7. Bg5 a6 8.
Na3 b5 9. Nd5 Be7 10. Bxf6 Bxf6 11. c4 b4 12. Nc2 a5 13. Qf3 Bg5 14. h4 Bxh4
15. Rxh4 Qxh4 16. Nc7+ Kf8 17. Nxa8 Qd8 18. Qe3 Bf5 19. exf5 Qxa8 20. O-O-O Qb8
21. c5 f6 22. Rxd6 Ne7 23. Qd2 Ke8 24. c6 Nxf5 25. Rd7 Qc8 26. Qd5 Nh6 27. Qe6+
Kf8 28. Qe7+ 1-0

[Event "DEM U12 2012"]
[Site "Oberhof GER"]
[Date "2012.06.01"]
[Round "10"]
[White "Vuckovic, Zarko"]
[Black "Zienert, Richard"]
[Result "1/2-1/2"]
[Termination "normal"]
[Board "25"]
[WhiteElo "1458"]
[BlackElo "1649"]
[PlyCount "116"]
[WhiteFideId "12952087"]
[BlackFideId "12945986"]
[EventCountry "GER"]
[EventRounds "11"]
[EventType "swiss"]
[EventDate "2012.05.26"]

1. e4 c5 2. Nc3 Nc6 3. f4 g6 4. Nf3 Bg7 5. Bc4 e6 6. d3 Nge7 7. O-O O-O 8. Qe1
Nd4 9. Nxd4 cxd4 10. Ne2 d6 11. Qf2 Qb6 12. c3 dxc3 13. bxc3 Qxf2+ 14. Rxf2 a6
15. a4 Bd7 16. Ba3 b5 17. Bb3 bxa4 18. Bc2 Nc8 19. Rb1 Bc6 20. Nd4 Bxd4 21.
cxd4 Rd8 22. Kf1 Bb5 23. Rd2 Na7 24. Ke2 Be8 25. Rb6 Nb5 26. Bb2 a3 27. Ba1
Rdb8 28. Rxb8 Rxb8 29. Bd1 f5 30. Ke3 Kf8 31. e5 dxe5 32. dxe5 Bc6 33. Bb3 Nc7
34. Bc4 Nd5+ 35. Kd4 Rd8 36. Kc5 Rc8 37. Kd6 Kf7 38. Bxa6 Rc7 39. Bc4 Rc8 40.
g3 Ba8 41. Bd4 Rc6+ 42. Kd7 Rc7+ 43. Kd8 Bc6 44. Bc5 Rd7+ 45. Kc8 Ke8 46. Bxd5
Rxd5 47. Bxa3 Rd7 48. Bc5 Bb7+ 49. Kb8 Ba6 50. d4 Rb7+ 51. Ka8 Kd8 52. Bd6 Rf7
53. Rb2 Kd7 54. Ka7 Bc8 55. Kb8 Kd8 56. Rb6 Kd7 57. Bc7 Rf8 58. Rd6+ Ke7
1/2-1/2

[Event "DEM U12 2012"]
[Site "Oberhof GER"]
[Date "2012.06.01"]
[Round "10"]
[White "Du, Katharina"]
[Black "Peter, Anton"]
[Result "0-1"]
[Termination "normal"]
[Board "26"]
[WhiteElo "1275"]
[BlackElo "1739"]
[PlyCount "142"]
[WhiteFideId "12945757"]
[BlackFideId "12901660"]
[EventCountry "GER"]
[EventRounds "11"]
[EventType "swiss"]
[EventDate "2012.05.26"]

1. e4 c5 2. Nf3 e6 3. d4 cxd4 4. Nxd4 a6 5. Nc3 Qc7 6. Be3 Nf6 7. Be2 Be7 8.
O-O b5 9. a3 Bb7 10. Bd3 O-O 11. f4 d6 12. Qe1 Nbd7 13. f5 Nc5 14. fxe6 fxe6
15. Bd2 Qd7 16. b4 Nxd3 17. cxd3 Bd8 18. Bg5 Bb6 19. Be3 Ng4 20. Rxf8+ Rxf8 21.
Nc2 Nxe3 22. Nxe3 d5 23. exd5 exd5 24. Ncd1 Re8 25. Qd2 Qe6 26. d4 Qe4 27. Nc2
Bc8 28. Qe3 Qg6 29. Qc3 Bf5 30. Nde3 Rc8 31. Nxf5 Qxf5 32. Qe3 Qxc2 33. Qe6+
Kh8 34. Qxb6 Qb2 35. Re1 Qxa3 36. Qe6 Rg8 37. Qxd5 Qxb4 38. Qe4 Qd6 39. d5 h6
40. Rc1 Rd8 41. Rc6 Qxd5 42. Qxd5 Rxd5 43. Rxa6 Rd1+ 44. Kf2 Kh7 45. Rb6 Rb1
46. h3 Rb2+ 47. Kf3 h5 48. g3 Rb3+ 49. Kg2 Rb2+ 50. Kf3 Rb3+ 51. Kg2 g5 52. h4
Rb2+ 53. Kf3 Rb3+ 54. Kg2 gxh4 55. gxh4 Rb4 56. Kh3 Kg7 57. Rb7+ Kg6 58. Rb6+
Kf5 59. Kg2 Kg4 60. Rc6 Kxh4 61. Rc3 Rb2+ 62. Kf3 b4 63. Rc4+ Kh3 64. Rd4 h4
65. Rd3 Rg2 66. Kf4+ Rg3 67. Rd1 Kh2 68. Rb1 b3 69. Rb2+ Kg1 70. Rb1+ Kf2 71.
Rh1 b2 0-1

[Event "DEM U12 2012"]
[Site "Oberhof GER"]
[Date "2012.06.01"]
[Round "10"]
[White "Walker, Julia"]
[Black "Hoppe, Andreas"]
[Result "0-1"]
[Termination "normal"]
[Board "27"]
[WhiteElo "1370"]
[BlackElo "1743"]
[PlyCount "58"]
[WhiteFideId "1271852"]
[BlackFideId "12922811"]
[EventCountry "GER"]
[EventRounds "11"]
[EventType "swiss"]
[EventDate "2012.05.26"]

1. e4 e6 2. d4 d5 3. exd5 exd5 4. c4 dxc4 5. Bxc4 Nf6 6. Nc3 Bb4 7. Nf3 O-O 8.
O-O Bg4 9. Be3 Nc6 10. a3 Ba5 11. Be2 Bb6 12. d5 Ne7 13. Bc4 Qd7 14. Qd2 Bxf3
15. gxf3 Rad8 16. Rad1 Qf5 17. Bf4 Ng6 18. Bg3 Qxf3 19. Rfe1 Rfe8 20. d6 Rxe1+
21. Qxe1 cxd6 22. Rxd6 Rxd6 23. Bxd6 Qg4+ 24. Kh1 Qxc4 25. Kg1 Qe6 26. Qd2 Ba5
27. b4 Bb6 28. a4 Qd7 29. Nb5 Ne4 0-1

[Event "DEM U12 2012"]
[Site "Oberhof GER"]
[Date "2012.06.01"]
[Round "10"]
[White "Müller, Elias"]
[Black "Junk, Phillip"]
[Result "0-1"]
[Termination "normal"]
[Board "28"]
[WhiteElo "1703"]
[BlackElo "1443"]
[PlyCount "56"]
[WhiteFideId "12917133"]
[BlackFideId "12952095"]
[EventCountry "GER"]
[EventRounds "11"]
[EventType "swiss"]
[EventDate "2012.05.26"]

1. e4 e5 2. Nf3 Nc6 3. Bc4 Bc5 4. b4 Bxb4 5. c3 Ba5 6. d4 d6 7. d5 Nce7 8. Qa4+
c6 9. Qb3 b5 10. Bd3 cxd5 11. Bxb5+ Bd7 12. Bxd7+ Qxd7 13. exd5 Nf6 14. O-O O-O
15. c4 Rfc8 16. Be3 Qg4 17. Nbd2 Nf5 18. h3 Qg6 19. Rab1 e4 20. Qa3 exf3 21.
Nxf3 Nxe3 22. fxe3 Bc7 23. Rb7 Qe4 24. Rfb1 Bb6 25. Qxd6 Qxb1+ 26. Kh2 Ne8 27.
Qd7 Bc7+ 28. Ne5 Bxe5+ 0-1

[Event "DEM U12 2012"]
[Site "Oberhof GER"]
[Date "2012.06.01"]
[Round "10"]
[White "Wächter, Nathalie"]
[Black "Wallat, Jessica"]
[Result "1-0"]
[Termination "normal"]
[Board "29"]
[WhiteElo "1656"]
[BlackElo "1596"]
[PlyCount "125"]
[WhiteFideId "12921033"]
[BlackFideId "12909637"]
[EventCountry "GER"]
[EventRounds "11"]
[EventType "swiss"]
[EventDate "2012.05.26"]

1. Nc3 e5 2. Nf3 Nc6 3. d4 exd4 4. Nxd4 Bc5 5. Be3 Bb6 6. Qd2 h6 7. g3 Nf6 8.
Bg2 Bxd4 9. Bxd4 Nxd4 10. Qxd4 O-O 11. O-O c6 12. e4 Qb6 13. Qxb6 axb6 14. Rad1
Re8 15. Rfe1 b5 16. a3 b6 17. e5 Nh7 18. Nxb5 Rb8 19. Nd6 Re7 20. Nxc8 Rxc8 21.
Bh3 Rd8 22. f4 c5 23. Rd6 Rb8 24. Rxd7 Rxd7 25. Bxd7 Rd8 26. e6 Nf6 27. e7 Rxd7
28. e8=Q+ Nxe8 29. Rxe8+ Kh7 30. Kf2 Rd2+ 31. Re2 Rd6 32. Kf3 Kg6 33. b4 cxb4
34. axb4 Rc6 35. Rd2 f6 36. b5 Rc5 37. c4 Rxc4 38. Rd6 Rc3+ 39. Kg4 Rc2 40. Kh3
Kf7 41. Rxb6 Rb2 42. Rb7+ Ke6 43. b6 h5 44. Rxg7 Rxb6 45. Rh7 Rb5 46. Kh4 Rb2
47. h3 Rb5 48. Rxh5 Rb3 49. Kg4 Ra3 50. Rb5 Ra8 51. h4 Rg8+ 52. Kf3 f5 53. h5
Rh8 54. h6 Kf6 55. Rb6+ Kf7 56. g4 fxg4+ 57. Kxg4 Rg8+ 58. Kf5 Ke7 59. h7 Rh8
60. Kg6 Kd7 61. Kg7 Rc8 62. h8=Q Rxh8 63. Kxh8 1-0